| 000 | 01051nam a22002897a 4500 | ||
|---|---|---|---|
| 005 | 20240530110458.0 | ||
| 008 | 150615s2011 ua ado g b 000 0 ara d | ||
| 017 |
_a2011/2887 _bمصر . دار الكتب المصرية |
||
| 020 | _a9789775029072 | ||
| 040 | _aEG-CaGPL | ||
| 082 | 0 | 4 |
_221 _a363.7392\ _bأ م |
| 100 | 0 | _aاحمد السروى | |
| 245 | 1 | 2 |
_aالملوثات الهوائية : _b( المصادر - التاثير - التحكم و العلاج ) / _cاحمد السروى |
| 250 | _aط1 | ||
| 260 |
_aالقاهرة : _bدار الكتب العلمية للنشر و التوزيع ، _c2011 . |
||
| 300 |
_a584 ص : _bايض ؛ _c24 سم . |
||
| 504 | _aيشتمل على ارجاعات ببليوجرافية | ||
| 650 | 0 | 4 | _aالهواء |
| 650 | 0 | 4 |
_aالهواء _xتلوث |
| 650 | 0 | 4 | _aتلوث البيئة |
| 650 | 0 | 4 | _aالظواهر الجوية |
| 650 | 0 | 4 | _aتكييف الهواء |
| 650 | 0 | 4 | _aالصحة |
| 650 | 0 | 4 | _aالتنفس |
| 942 |
_2ddc _cBK |
||
| 999 |
_c61408 _d61408 |
||